Money and the core in a sequence economy with transaction costs (Registro nro. 26974)

Detalles MARC
000 -LEADER
fixed length control field 00354 a2200109 4500
001 - CONTROL NUMBER
control field ART_14664
005 - DATE AND TIME OF LATEST TRANSACTION
control field 20260410161913.0
008 - FIXED-LENGTH DATA ELEMENTS--GENERAL INFORMATION
fixed length control field 260409a
100 1# - MAIN ENTRY--PERSONAL NAME
Personal name Honkapohja, Seppo
245 10 - TITLE STATEMENT
Title Money and the core in a sequence economy with transaction costs
773 0# - HOST ITEM ENTRY
Title European economic review
Related parts - Vol. 10, Nº 2 (nov. 1977)
Record control number REV13346

No hay ítems disponibles.